| 000 | 00773nam a22002295a 4500 | ||
|---|---|---|---|
| 005 | 20161214113441.0 | ||
| 008 | 161214s2009 enka frb 001 0 eng d | ||
| 020 | _a9780415864817 | ||
| 040 |
_aEG-ScBUE _cEG-ScBUE _dEG-ScBUE |
||
| 082 | 0 | 4 |
_222 _a332.4101 _bGIL |
| 100 | 1 | _a Gillman, Max. | |
| 245 | 1 | 0 |
_aInflation theory in economics : _bwelfare, velocity, growth and business cycles / _cMax Gillman. |
| 260 |
_aOxon ; _aNew York : _bRoutledge / Taylor & Francis Group, _c2009. |
||
| 300 |
_axvi, 401 p. : _bill. ; _c24 cm. |
||
| 500 | _aIndex : p. [395]-401. | ||
| 504 | _aBibliography : p. [377]-394. | ||
| 650 | 7 |
_2BUEsh _95608 _a Monetary policy. |
|
| 650 | 0 |
_928529 _aInflation (Finance) _2BUEsh |
|
| 651 | _2BUEsh | ||
| 653 |
_bBUSECO _cDecember2016 |
||
| 942 | _2ddc | ||
| 999 |
_c23565 _d23537 |
||